| 000 | 00719nam a22001937a 4500 | ||
|---|---|---|---|
| 999 |
_c17546 _d17546 |
||
| 003 | AR-CdUCM | ||
| 008 | 190508b ||||| |||| 00| 0 spa d | ||
| 040 |
_aMUNICIPALIDAD PROVINCIAL DEL CUSCO _cBIBLIOTECA MUNICIPAL DEL CUSCO |
||
| 082 |
_a659.1 / _bE47 |
||
| 245 |
_aManual de relaciones publicas : _bTreinta y dos casos seleccionados,recogidos y editados por Nigel Ellis y Pat Bowman / |
||
| 260 |
_aBarcelona : _bSagitario, _c1964. |
||
| 300 |
_a349 paginas ; _c21 cm. |
||
| 505 | _aContenido :Presupuesto para relaciones publicas / | ||
| 650 |
_aRelaciones publicas _937623 |
||
| 650 |
_aProyección _913894 |
||
| 700 |
_aJose Sanz y Diaz(revisión) _937624 |
||
| 942 |
_2ddc _cLIBROS |
||
| 945 |
_arjall _d2019-05-08 |
||